000 01030nam a2200313 a 4500
001 vtls000124624
003 NLI
005 20210601205327.0
008 101125s1982 enkfa 001 0beng
020 _a0297781537 :
_cPND 14.95
039 9 _y201011251341
_zVLOAD
040 _aNLI
_beng
_cDatasoft 1
_eAACR2
041 0 _aeng
044 _aenk
082 0 4 _a942.08
100 1 _aBradford, Sarah,
_d1938-
_9253010
245 1 0 _aDisraeli /
_cSarah Bradford
260 _aLondon :
_bWeidenfeld And Nicolson,
_cc1982
300 _axiii, 432 p., [8] p. of plates :
_bill. ;
_c24 cm.
504 _aIncludes bibliographical references and index
600 1 0 _aDisraeli, Benjamin,
_cEarl of Beaconsfield,
_d1804-1881
_9219557
650 0 _aPrime ministers
_zGreat Britain
_xBiography
_9173977
651 0 _aGreat Britain
_xPolitics and government
_y1837-1901
_9173979
887 _a
901 _a476191
_b6.5.83
902 _aE 942.08 B 727
949 _AVIRTUAITEM
_D10000
_X100
_6PUR000476191ENG
942 _2ddc
_cBKS
999 _aVIRTUA40
_c128917
_d128917